[Event "Kavala GRE, 20th Open"]
[Site "Kavala GRE"]
[Date "2011.08.01"]
[Round "4"]
[White "Kolev, A."]
[Black "Ashwin, J."]
[Result "1/2-1/2"]
[WhiteElo "2590"]
[BlackElo "2449"]
[PlyCount "81"]
[EventDate "2011.07.30"]
[EventRounds "9"]
[EventCountry "GRE"]

1. d4 d5 2. Nf3 c6 3. Bf4 Bf5 4. e3 e6 5. c4 Bd6 6. Bg3 Nf6 7. Nc3 O-O 8. Bd3
Bg6 9. Rc1 Re8 10. a3 Qe7 11. Bxg6 hxg6 12. Qb3 dxc4 13. Qxc4 Nbd7 14. Bxd6
Qxd6 15. Rd1 e5 16. dxe5 Nxe5 17. Nxe5 Qxe5 18. h3 Rad8 19. O-O g5 20. Qa4 g4
21. hxg4 b5 22. Qf4 Qxf4 23. exf4 Nxg4 24. g3 a5 25. Kg2 Kf8 26. Rh1 Nf6 27.
Kf3 Rxd1 28. Rxd1 Ke7 29. g4 Rd8 30. Re1+ Kd7 31. g5 Nd5 32. Ne4 Rh8 33. Kg3
Kc7 34. f5 Re8 35. f3 Re5 36. Kg4 f6 37. Rh1 Ne3+ 38. Kf4 Nd5+ 39. Kg4 Ne3+ 40.
Kf4 Nd5+ 41. Kg4 1/2-1/2

[Event "Kavala GRE, 20th Open"]
[Site "Kavala GRE"]
[Date "2011.08.01"]
[Round "4"]
[White "Margvelashvili, G."]
[Black "Bartel, M."]
[Result "1/2-1/2"]
[WhiteElo "2525"]
[BlackElo "2611"]
[PlyCount "58"]
[EventDate "2011.07.30"]
[EventRounds "9"]
[EventCountry "GRE"]

1. c4 e6 2. d4 d5 3. Nc3 c6 4. e3 Nf6 5. Nf3 a6 6. Bd3 dxc4 7. Bxc4 b5 8. Bd3
Bb7 9. Ne4 Nbd7 10. Nxf6+ Nxf6 11. a4 b4 12. O-O c5 13. a5 cxd4 14. Qa4+ Nd7
15. Nxd4 Bd6 16. Bd2 Rb8 17. Rfd1 O-O 18. Bxb4 Bxb4 19. Qxb4 Bxg2 20. Qd6 Ba8
21. Bxa6 Rxb2 22. Bf1 Qf6 23. Qf4 Qe7 24. Bg2 Bxg2 25. Kxg2 Nc5 26. Kg1 Qb7 27.
Qe5 Rc8 28. Rac1 f6 29. Qh5 g6 1/2-1/2

[Event "Kavala GRE, 20th Open"]
[Site "Kavala GRE"]
[Date "2011.08.01"]
[Round "4"]
[White "Marjanovic, S."]
[Black "Gopal, G."]
[Result "1/2-1/2"]
[WhiteElo "2469"]
[BlackElo "2576"]
[PlyCount "94"]
[EventDate "2011.07.30"]
[EventRounds "9"]
[EventCountry "GRE"]

1. e4 c5 2. Nf3 d6 3. d4 cxd4 4. Nxd4 Nf6 5. Nc3 a6 6. Be2 e5 7. Nb3 Be7 8. O-O
O-O 9. Bg5 Be6 10. f4 exf4 11. Bxf4 Nc6 12. Kh1 Rc8 13. Qe1 Ne8 14. Nd5 Bxd5
15. exd5 Ne5 16. c3 Nf6 17. Rd1 Nfd7 18. Qg3 Bh4 19. Qe3 g6 20. Qd4 Bf6 21. Qb4
Qc7 22. a4 Rfe8 23. a5 Bg7 24. Rd2 Nf6 25. Bg5 Ned7 26. Bf4 Ne4 27. Rdd1 Nec5
28. Bf3 Nxb3 29. Qxb3 Be5 30. Qb4 Bxf4 31. Qxf4 Ne5 32. Ra1 f5 33. Be2 Qd8 34.
Qb4 Rc7 35. c4 Rce7 36. Bd1 Qc7 37. b3 Qd8 38. Kg1 Qc7 39. Kh1 h6 40. Qd2 Kh7
41. Qd4 Rf7 42. Ra2 Kg8 43. Be2 h5 44. h3 Qe7 45. b4 Nd7 46. Bf3 Qe3 47. Qxe3
Rxe3 1/2-1/2

[Event "Kavala GRE, 20th Open"]
[Site "Kavala GRE"]
[Date "2011.08.01"]
[Round "4"]
[White "Mastrovasilis, A."]
[Black "Simeonidis, I."]
[Result "1/2-1/2"]
[WhiteElo "2537"]
[BlackElo "2244"]
[PlyCount "39"]
[EventDate "2011.07.30"]
[EventRounds "9"]
[EventCountry "GRE"]

1. Nf3 d5 2. c4 c6 3. e3 Nf6 4. Nc3 e6 5. b3 Bd6 6. Bb2 O-O 7. Be2 e5 8. d4 e4
9. Nd2 Re8 10. g4 Bb4 11. a3 Bxc3 12. Bxc3 Nfd7 13. h4 f5 14. gxf5 Nf6 15. Nf1
Bxf5 16. Ng3 Qd7 17. Rg1 Bh3 18. Qc2 Qe6 19. O-O-O Nbd7 20. Kb1 1/2-1/2

[Event "Kavala GRE, 20th Open"]
[Site "Kavala GRE"]
[Date "2011.08.01"]
[Round "4"]
[White "Mastrovasilis, D."]
[Black "Kosic, D."]
[Result "1-0"]
[WhiteElo "2604"]
[BlackElo "2483"]
[PlyCount "61"]
[EventDate "2011.07.30"]
[EventRounds "9"]
[EventCountry "GRE"]

1. e4 e6 2. d4 d5 3. Nc3 Nf6 4. e5 Nfd7 5. f4 c5 6. Nf3 Nc6 7. Be3 a6 8. Qd2 b5
9. Bd3 Bb7 10. O-O g6 11. Qf2 Qb6 12. a3 Rc8 13. dxc5 Bxc5 14. Bxc5 Qxc5 15.
Ne2 Qxf2+ 16. Kxf2 Ke7 17. Ned4 Nxd4 18. Nxd4 g5 19. g3 Rcg8 20. Rg1 gxf4 21.
gxf4 f6 22. exf6+ Nxf6 23. Rae1 Ne4+ 24. Ke3 Kf6 25. Nf3 Nd6 26. Kd4 Ne4 27.
Ne5 Rxg1 28. Rxg1 Rc8 29. Nd7+ Kf5 30. Ke3 h6 31. Rg7 1-0

[Event "Kavala GRE, 20th Open"]
[Site "Kavala GRE"]
[Date "2011.08.01"]
[Round "4"]
[White "Przezdziecka, M."]
[Black "Pavlidis, A."]
[Result "1/2-1/2"]
[WhiteElo "2249"]
[BlackElo "2420"]
[PlyCount "40"]
[EventDate "2011.07.30"]
[EventRounds "9"]
[EventCountry "GRE"]

1. d4 Nf6 2. Nf3 g6 3. c4 Bg7 4. Nc3 O-O 5. e4 d6 6. Be2 e5 7. O-O Na6 8. Qc2
Nb4 9. Qd1 a5 10. a3 Na6 11. Qc2 exd4 12. Nxd4 Re8 13. Be3 c6 14. Rad1 Qe7 15.
f3 d5 16. cxd5 Nxd5 17. Nxd5 cxd5 18. Bb5 Rd8 19. Bf2 Nc7 20. Ba4 Ne6 1/2-1/2

[Event "Kavala GRE, 20th Open"]
[Site "Kavala GRE"]
[Date "2011.08.01"]
[Round "4"]
[White "Raeva, E."]
[Black "Maiorov, N."]
[Result "0-1"]
[WhiteElo "2324"]
[BlackElo "2535"]
[PlyCount "88"]
[EventDate "2011.07.30"]
[EventRounds "9"]
[EventCountry "GRE"]

1. d4 Nf6 2. c4 g6 3. Nc3 Bg7 4. e4 d6 5. f3 O-O 6. Be3 e5 7. d5 Nh5 8. Qd2 f5
9. Nge2 Nd7 10. Nc1 Ndf6 11. Bg5 fxe4 12. fxe4 h6 13. Bh4 g5 14. Bg3 Qe8 15.
Nd3 Qg6 16. Nf2 Nxg3 17. hxg3 h5 18. O-O-O g4 19. Kb1 Bh6 20. Qe1 Qg5 21. Be2
a6 22. Rh4 Bd7 23. c5 Kg7 24. c6 bxc6 25. dxc6 Bxc6 26. Nd5 Nxd5 27. exd5 Be8
28. Bd3 Qe3 29. Nxg4 Qxe1 30. Rxe1 hxg4 31. Rxg4+ Kf6 32. Rh1 Be3 33. Rh7 Bf7
34. Rgg7 Rae8 35. Be4 Re7 36. g4 Rg8 37. Rxg8 Bxg8 38. Rh3 Bd4 39. g3 Kg7 40.
Rh5 Be3 41. Kc2 Bf7 42. Rh7+ Kf6 43. Kd3 Bg5 44. Kc4 c6 0-1

[Event "Kavala GRE, 20th Open"]
[Site "Kavala GRE"]
[Date "2011.08.01"]
[Round "4"]
[White "Skoulakis, C."]
[Black "Charkhalashvili, I."]
[Result "1/2-1/2"]
[WhiteElo "2039"]
[BlackElo "2355"]
[PlyCount "57"]
[EventDate "2011.07.30"]
[EventRounds "9"]
[EventCountry "GRE"]

1. e4 c6 2. d4 d5 3. f3 e6 4. Nc3 Bb4 5. a3 Bxc3+ 6. bxc3 dxe4 7. Qe2 exf3 8.
Nxf3 Nf6 9. Qe3 Nd5 10. Qe5 Qf6 11. Qd6 Qg6 12. Bg5 f6 13. Bd3 Qf7 14. c4 Qc7
15. Qxc7 Nxc7 16. Bf4 Kd8 17. O-O Nd7 18. Rae1 Nf8 19. Bd6 Ng6 20. h4 Ne8 21.
Bg3 Ne7 22. Nd2 Bd7 23. Rb1 b6 24. a4 Nc8 25. Ne4 Ke7 26. a5 Ned6 27. Nc3 Nb7
28. a6 Nd8 29. h5 1/2-1/2

[Event "Kavala GRE, 20th Open"]
[Site "Kavala GRE"]
[Date "2011.08.01"]
[Round "4"]
[White "Socko, B."]
[Black "Mamedov, N."]
[Result "1/2-1/2"]
[WhiteElo "2631"]
[BlackElo "2575"]
[PlyCount "58"]
[EventDate "2011.07.30"]
[EventRounds "9"]
[EventCountry "GRE"]

1. d4 Nf6 2. c4 g6 3. Nc3 Bg7 4. e4 d6 5. f3 a6 6. Be3 c6 7. Qd2 b5 8. Bd3 Nbd7
9. Nge2 O-O 10. O-O e5 11. cxb5 axb5 12. b4 Nb6 13. Rfd1 Qc7 14. Qc2 Qb7 15.
dxe5 dxe5 16. Nc1 Be6 17. Nb3 Bxb3 18. Qxb3 Rfd8 19. Bf1 Rxd1 20. Rxd1 Nfd7 21.
Rc1 Nf8 22. Nb1 Ne6 23. Qc2 Rc8 24. Nd2 Nd4 25. Qb2 Na4 26. Qb1 Qe7 27. Kh1 Bf6
28. g3 Rd8 29. a3 h5 1/2-1/2

[Event "Kavala GRE, 20th Open"]
[Site "Kavala GRE"]
[Date "2011.08.01"]
[Round "4"]
[White "Solak, D."]
[Black "Atalik, E."]
[Result "1-0"]
[WhiteElo "2598"]
[BlackElo "2436"]
[PlyCount "81"]
[EventDate "2011.07.30"]
[EventRounds "9"]
[EventCountry "GRE"]

1. e4 e5 2. Nf3 Nc6 3. Bb5 Nf6 4. d3 d6 5. O-O Be7 6. d4 O-O 7. Bxc6 bxc6 8.
Nc3 exd4 9. Nxd4 Bd7 10. Qf3 c5 11. Nf5 Bxf5 12. Qxf5 Rb8 13. b3 Nd7 14. Bd2
Bf6 15. Rae1 g6 16. Qh3 Bg7 17. Bh6 Nb6 18. e5 Bxh6 19. Qxh6 d5 20. Rd1 Re8 21.
f4 f5 22. exf6 Qxf6 23. Nxd5 Nxd5 24. Rxd5 Re2 25. f5 Qf7 26. fxg6 Rxg2+ 27.
Kxg2 Qxd5+ 28. Rf3 hxg6 29. Qxg6+ Kh8 30. Qf6+ Kg8 31. Qg6+ Kh8 32. Kf2 Qd2+
33. Kg1 Qd4+ 34. Kh1 Qd1+ 35. Kg2 Qd5 36. Qf6+ Kg8 37. Qf5 Qd2+ 38. Kh1 Qc1+
39. Rf1 Qh6 40. Rg1+ Kh8 41. Qe5+ 1-0

[Event "Kavala GRE, 20th Open"]
[Site "Kavala GRE"]
[Date "2011.08.01"]
[Round "4"]
[White "Vafiadis, K."]
[Black "Raznikov, D."]
[Result "1/2-1/2"]
[WhiteElo "2301"]
[BlackElo "2434"]
[PlyCount "40"]
[EventDate "2011.07.30"]
[EventRounds "9"]
[EventCountry "GRE"]

1. d4 Nf6 2. Bf4 c5 3. e3 g6 4. c3 b6 5. Nf3 Bg7 6. Bd3 Bb7 7. O-O O-O 8. Nbd2
Nc6 9. Qe2 d6 10. a3 Qc7 11. h3 e5 12. dxe5 dxe5 13. Bh2 Qe7 14. e4 Nh5 15. Ba6
Nf4 16. Bxf4 Bxa6 17. Qxa6 exf4 18. Rfe1 g5 19. Qa4 Rac8 20. Rad1 h5 1/2-1/2

[Event "Kavala GRE, 20th Open"]
[Site "Kavala GRE"]
[Date "2011.08.01"]
[Round "4"]
[White "Zarkua, D."]
[Black "Zubarev, A."]
[Result "0-1"]
[WhiteElo "2433"]
[BlackElo "2597"]
[PlyCount "190"]
[EventDate "2011.07.30"]
[EventRounds "9"]
[EventCountry "GRE"]

1. d4 g6 2. Nf3 Bg7 3. g3 Nf6 4. Bg2 O-O 5. O-O d5 6. c4 dxc4 7. Na3 c3 8. bxc3
c5 9. Rb1 Nc6 10. Ne5 cxd4 11. Nxc6 bxc6 12. cxd4 Bf5 13. Rb7 Ne4 14. Rb3 Bxd4
15. e3 Bf6 16. Qxd8 Rfxd8 17. g4 Nc5 18. gxf5 Nxb3 19. axb3 Rab8 20. fxg6 hxg6
21. Nc4 Rxb3 22. Na5 Rb1 23. Nxc6 Rd7 24. Ba3 Rxf1+ 25. Kxf1 e6 26. Bb4 Rd1+
27. Ke2 Ra1 28. Kf3 Bh4 29. Bd2 a6 30. Ke2 Kf8 31. f4 Be7 32. Be4 Bd6 33. Bd3
Bc7 34. Bb4+ Kg8 35. h4 a5 36. Bc3 Ra2+ 37. Kd1 Bb6 38. Bd2 a4 39. Bc4 Ra1+ 40.
Kc2 Rh1 41. Ne5 Rxh4 42. Nd7 Bd8 43. Kd3 Be7 44. Bc3 a3 45. Nf6+ Kf8 46. Nd7+
Ke8 47. Nf6+ Bxf6 48. Bxf6 Rh2 49. Bb5+ Kf8 50. Bc4 a2 51. Bb3 Rf2 52. Bc3 Ke7
53. Bb4+ Kf6 54. Bc3+ Kf5 55. Be5 Kg4 56. Bd1+ Kh4 57. Bb3 g5 58. fxg5 Kxg5 59.
Bc3 Kf5 60. Bc4 Kg6 61. Bb3 Kh7 62. Bc4 Kg8 63. Bb3 Kf8 64. Kc4 Ke7 65. Bb4+
Kd7 66. Bc3 Kc6 67. Ba4+ Kd6 68. Bb3 f5 69. Kd4 e5+ 70. Kd3 e4+ 71. Kc4 Rd2 72.
Bb4+ Kc6 73. Bc3 Kd6 74. Bb4+ Kd7 75. Bc3 Kc6 76. Ba4+ Kd6 77. Bb3 Rg2 78. Kd4
Rd2+ 79. Kc4 Ke6 80. Ba1 Ke7 81. Bc3 Kf7 82. Be5 Kg6 83. Bc3 Kh5 84. Kb4 Kg4
85. Bc4 Kf3 86. Be6 Rd3 87. Bxa2 Kxe3 88. Bc4 f4 89. Bf6 Rd6 90. Be5 Rd1 91.
Bb3 Rb1 92. Kc4 Rxb3 93. Kxb3 f3 94. Kc3 Ke2 95. Bg3 e3 0-1

[Event "Kavala GRE, 20th Open"]
[Site "Kavala GRE"]
[Date "2011.08.01"]
[Round "4"]
[White "Zysk, R."]
[Black "Charpidou, A."]
[Result "1-0"]
[WhiteElo "2437"]
[BlackElo "1749"]
[PlyCount "59"]
[EventDate "2011.07.30"]
[EventRounds "9"]
[EventCountry "GRE"]

1. d4 Nf6 2. c4 e5 3. dxe5 Ng4 4. Bf4 Nc6 5. Nf3 Bb4+ 6. Nbd2 Qe7 7. a3 Ncxe5
8. Nxe5 Nxe5 9. e3 Bd6 10. Ne4 Nxc4 11. Nxd6+ Nxd6 12. Rc1 g5 13. Bg3 h5 14.
Rxc7 Ne4 15. Qd4 Rh6 16. Bd3 h4 17. Be5 Re6 18. Bxe4 Rxe5 19. Bxb7 Bxb7 20.
Rxb7 a5 21. Rxd7 Qe6 22. Rd6 Qf5 23. O-O h3 24. Rh6 Rd5 25. Qh8+ Ke7 26. Qxa8
hxg2 27. Rc1 Qd7 28. Re1 Qb5 29. Qc6 Qb3 30. Qf6+ 1-0

[Event "Kavala GRE, 20th Open"]
[Site "Kavala GRE"]
[Date "2011.08.02"]
[Round "5"]
[White "Ashwin, J."]
[Black "Burmakin, V."]
[Result "0-1"]
[WhiteElo "2449"]
[BlackElo "2579"]
[PlyCount "80"]
[EventDate "2011.07.30"]
[EventRounds "9"]
[EventCountry "GRE"]

1. d4 d5 2. c4 c6 3. Nf3 Nf6 4. Nc3 a6 5. g3 b5 6. b3 h6 7. Qc2 g6 8. e4 Nxe4
9. Nxe4 dxe4 10. Qxe4 Bg7 11. Ne5 O-O 12. Bg2 bxc4 13. bxc4 Ra7 14. O-O c5 15.
d5 e6 16. f4 exd5 17. cxd5 Re8 18. Qc4 Nd7 19. Nc6 Qb6 20. Nxa7 Bxa1 21. Nxc8
Rxc8 22. Re1 Bd4+ 23. Kh1 Nf6 24. Bf1 a5 25. Bd2 Rd8 26. Bg2 Re8 27. Qb3 Rxe1+
28. Bxe1 Qa6 29. Qf3 Qc4 30. d6 Qxa2 31. Bh3 Qb1 32. Qe2 a4 33. g4 g5 34. fxg5
hxg5 35. Bg2 Bc3 36. Bc6 Qxe1+ 37. Qxe1 Bxe1 38. d7 Nxd7 39. Bxd7 a3 40. Bb5 a2
0-1

[Event "Kavala GRE, 20th Open"]
[Site "Kavala GRE"]
[Date "2011.08.02"]
[Round "5"]
[White "Atalik, E."]
[Black "Kolev, A."]
[Result "0-1"]
[WhiteElo "2436"]
[BlackElo "2590"]
[PlyCount "70"]
[EventDate "2011.07.30"]
[EventRounds "9"]
[EventCountry "GRE"]

1. d4 Nf6 2. c4 e6 3. Nc3 d5 4. Nf3 dxc4 5. e4 Bb4 6. Bg5 c5 7. Bxc4 cxd4 8.
Nxd4 Nbd7 9. O-O Bxc3 10. bxc3 Qa5 11. Bh4 O-O 12. Qe2 Ne5 13. Bb3 Ng6 14. Bg3
e5 15. Nf5 Qxc3 16. Rac1 Qb4 17. Rc7 Qxe4 18. Ne3 Nf4 19. Qb2 Be6 20. Bxe6 Nxe6
21. Rxb7 Nd4 22. Re1 Rfe8 23. f3 Qd3 24. Nf1 e4 25. Re3 Qa6 26. fxe4 Rac8 27.
e5 Nd5 28. Ra3 Qc4 29. Qf2 Ne3 30. Raxa7 Rf8 31. e6 Qxe6 32. Kh1 Nb5 33. Re7
Rc2 34. Qg1 Qc6 35. Rad7 Nf5 0-1

[Event "Kavala GRE, 20th Open"]
[Site "Kavala GRE"]
[Date "2011.08.02"]
[Round "5"]
[White "Bartel, M."]
[Black "Marjanovic, S."]
[Result "1-0"]
[WhiteElo "2611"]
[BlackElo "2469"]
[PlyCount "97"]
[EventDate "2011.07.30"]
[EventRounds "9"]
[EventCountry "GRE"]

1. d4 Nf6 2. c4 e6 3. Nc3 Bb4 4. Qc2 O-O 5. e4 d5 6. e5 Ne4 7. a3 Bxc3+ 8. bxc3
c5 9. Bd3 Qa5 10. Ne2 cxd4 11. cxd5 exd5 12. f3 f5 13. Nxd4 Nc5 14. O-O Nc6 15.
Bf4 h6 16. a4 Ne6 17. Be3 f4 18. Nxc6 bxc6 19. Bf2 Ba6 20. Bh7+ Kh8 21. Rfe1
Qc7 22. Bg6 c5 23. h4 Rac8 24. a5 Qe7 25. Bh5 d4 26. Bg6 Rfd8 27. Rad1 Rd5 28.
c4 Rd7 29. Qe2 Rb7 30. Rb1 Rcb8 31. Bd3 Rxb1 32. Rxb1 Rxb1+ 33. Bxb1 g5 34. Qc2
Nf8 35. hxg5 hxg5 36. Qe2 Kg7 37. g3 Qe6 38. gxf4 gxf4 39. Bh4 Kf7 40. Qe4 Bxc4
41. Qxf4+ Ke8 42. Bf5 Qg8+ 43. Kf2 Ng6 44. Qe4 Nxh4 45. Qc6+ Kf7 46. Qd7+ Kf8
47. Qd8+ Kf7 48. e6+ Kg7 49. Qe7+ 1-0

[Event "Kavala GRE, 20th Open"]
[Site "Kavala GRE"]
[Date "2011.08.02"]
[Round "5"]
[White "Charkhalashvili, I."]
[Black "Tzintzios, G."]
[Result "1/2-1/2"]
[WhiteElo "2355"]
[BlackElo "2174"]
[PlyCount "64"]
[EventDate "2011.07.30"]
[EventRounds "9"]
[EventCountry "GRE"]

1. d4 d5 2. c4 e6 3. Nc3 Nf6 4. Bg5 Be7 5. e3 h6 6. Bh4 O-O 7. Nf3 Ne4 8. Bxe7
Qxe7 9. cxd5 Nxc3 10. bxc3 exd5 11. Bd3 c5 12. O-O Nc6 13. Bc2 Rd8 14. h3 b6
15. Re1 Qf6 16. Rb1 Bf5 17. Bxf5 Qxf5 18. dxc5 bxc5 19. Rb5 c4 20. e4 Qf6 21.
e5 Qe6 22. Nd4 Nxd4 23. Qxd4 Rd7 24. f4 Re8 25. Rd1 Qf5 26. Rxd5 Rxd5 27. Qxd5
Qxf4 28. Rf1 Qe3+ 29. Kh1 Rxe5 30. Qxf7+ Kh7 31. Qxc4 Rc5 32. Qg4 Rxc3 1/2-1/2

[Event "Kavala GRE, 20th Open"]
[Site "Kavala GRE"]
[Date "2011.08.02"]
[Round "5"]
[White "Cherednichenko, S."]
[Black "Mastrovasilis, A."]
[Result "1-0"]
[WhiteElo "2283"]
[BlackElo "2537"]
[PlyCount "141"]
[EventDate "2011.07.30"]
[EventRounds "9"]
[EventCountry "GRE"]

1. d4 Nf6 2. Nf3 d5 3. e3 Bg4 4. c4 c6 5. Nbd2 e6 6. Bd3 Nbd7 7. Qc2 Bd6 8. b3
e5 9. dxe5 Nxe5 10. Nxe5 Bxe5 11. Bb2 Bxb2 12. Qxb2 O-O 13. Be2 Bxe2 14. Kxe2
dxc4 15. Nxc4 Ne4 16. f3 b5 17. Nd2 Nc5 18. Qc3 Qg5 19. g3 Rad8 20. Rac1 Qd5
21. Rc2 Ne6 22. Ne4 Qh5 23. h4 Rfe8 24. g4 Qd5 25. Rd2 Nf4+ 26. Kd1 Rxe4 27.
fxe4 Qxd2+ 28. Qxd2 Rxd2+ 29. Kxd2 Ng6 30. Kc3 Kf8 31. Kd4 Ke7 32. h5 Nf8 33.
Kc5 Kd7 34. Rd1+ Kc7 35. e5 a5 36. Kd4 Ne6+ 37. Ke4 h6 38. Rd2 Kc8 39. Rd6 Kc7
40. Rd1 Kc8 41. Kf5 Kc7 42. Rd2 Ng5 43. Rd6 Nf3 44. Ke4 Ng5+ 45. Kf5 Nf3 46.
Rd1 Ng5 47. Kf4 Kc8 48. Kg3 Kc7 49. Kf4 Kc8 50. Rc1 Kc7 51. Kf5 Kb7 52. Rc2 Kc7
53. Rc1 Kb7 54. Kf4 Kc7 55. Kg3 Kd7 56. Kf2 Ne6 57. Ke2 Kc7 58. Kd3 Kd7 59. a4
b4 60. Kc4 Ng5 61. Rf1 Kc7 62. Rf5 Kb6 63. Kd3 Ka6 64. Kc4 Kb6 65. Kd3 Ka6 66.
e6 fxe6 67. Rf8 e5 68. Rg8 Ne6 69. Re8 Nc5+ 70. Kc2 Ne4 71. Re7 1-0

[Event "Kavala GRE, 20th Open"]
[Site "Kavala GRE"]
[Date "2011.08.02"]
[Round "5"]
[White "Dounis, A."]
[Black "Zysk, R."]
[Result "0-1"]
[WhiteElo "2248"]
[BlackElo "2437"]
[PlyCount "66"]
[EventDate "2011.07.30"]
[EventRounds "9"]
[EventCountry "GRE"]

1. Nf3 g6 2. d4 Bg7 3. Nc3 Nf6 4. e4 O-O 5. e5 Ne8 6. Bg5 d6 7. Qe2 Nc6 8.
O-O-O f6 9. exf6 exf6 10. Bh4 d5 11. Qb5 Ne7 12. Bg3 c6 13. Qb3 Rf7 14. h3 Nd6
15. Bf4 b5 16. a4 a6 17. Qa3 Ne4 18. axb5 Nxf2 19. bxc6 Nxc6 20. Bb5 Bf8 21.
Qa4 Nxd1 22. Bxc6 Nxc3 23. bxc3 Bd7 24. Kd2 Qc8 25. Bxd7 Qxd7 26. Qxd7 Rxd7 27.
Ra1 a5 28. Ra4 Bd6 29. Be3 Rc7 30. Kd3 Rc4 31. Ra2 Rac8 32. Rxa5 Rxc3+ 33. Ke2
Re8 0-1

[Event "Kavala GRE, 20th Open"]
[Site "Kavala GRE"]
[Date "2011.08.02"]
[Round "5"]
[White "Filippas, S."]
[Black "Kohlweyer, B."]
[Result "0-1"]
[WhiteElo "2246"]
[BlackElo "2494"]
[PlyCount "60"]
[EventDate "2011.07.30"]
[EventRounds "9"]
[EventCountry "GRE"]

1. e4 c5 2. Nf3 d6 3. d4 cxd4 4. Nxd4 Nf6 5. Nc3 a6 6. Bc4 b5 7. Bb3 e6 8. Bg5
Be7 9. Qf3 Qc7 10. O-O-O Nbd7 11. e5 Bb7 12. Qg3 Nxe5 13. Bxe6 fxe6 14. f4 Bc8
15. fxe5 dxe5 16. Rhf1 O-O 17. Bxf6 Rxf6 18. Rxf6 Bxf6 19. Ne4 Be7 20. Nf3 Bb7
21. Neg5 Rc8 22. Rd2 Bxg5 23. Nxg5 Bd5 24. Rf2 e4 25. Qh3 h6 26. Nxe6 Qa5 27.
c3 Qxa2 28. Nd4 Qa1+ 29. Kc2 Rd8 30. Qh4 Bb3+ 0-1

[Event "Kavala GRE, 20th Open"]
[Site "Kavala GRE"]
[Date "2011.08.02"]
[Round "5"]
[White "Gopal, G."]
[Black "Kanmazalp, O."]
[Result "1-0"]
[WhiteElo "2576"]
[BlackElo "2412"]
[PlyCount "55"]
[EventDate "2011.07.30"]
[EventRounds "9"]
[EventCountry "GRE"]

1. e4 c5 2. Nf3 d6 3. d4 cxd4 4. Nxd4 Nf6 5. Nc3 Nc6 6. Bg5 e6 7. Qd2 Be7 8.
O-O-O a6 9. f4 Nxd4 10. Qxd4 b5 11. Bxf6 gxf6 12. e5 d5 13. Be2 Rb8 14. Bh5 Qb6
15. Qd3 b4 16. Ne2 O-O 17. Nd4 Kh8 18. Kb1 a5 19. Qh3 Bd7 20. Rhe1 a4 21. f5
fxe5 22. Rxe5 Qc7 23. Bg6 fxg6 24. fxg6 Kg7 25. Qxh7+ Kf6 26. Re3 Bd6 27. g7
Rg8 28. Rf1+ 1-0

[Event "Kavala GRE, 20th Open"]
[Site "Kavala GRE"]
[Date "2011.08.02"]
[Round "5"]
[White "Gupta, A."]
[Black "Mastrovasilis, D."]
[Result "1/2-1/2"]
[WhiteElo "2627"]
[BlackElo "2604"]
[PlyCount "70"]
[EventDate "2011.07.30"]
[EventRounds "9"]
[EventCountry "GRE"]

1. d4 d5 2. c4 c6 3. Nf3 Nf6 4. Nc3 dxc4 5. a4 Bf5 6. Nh4 Bc8 7. e3 e5 8. Bxc4
exd4 9. exd4 Qe7+ 10. Be2 Qc7 11. O-O Be7 12. Qc2 O-O 13. Rd1 Na6 14. Bxa6 bxa6
15. h3 Rd8 16. Nf5 Bxf5 17. Qxf5 Nd5 18. Be3 g6 19. Nxd5 cxd5 20. Qe5 Bd6 21.
Qf6 Qb6 22. g3 Re8 23. a5 Qd8 24. Qxd8 Rexd8 25. Rd3 Rdc8 26. Rb3 Rab8 27. Rxb8
Bxb8 28. Ra3 Bd6 29. Rb3 Kf8 30. Kg2 Ke7 31. Rb7+ Rc7 32. Rb8 Kd7 33. Kf3 Rc8
34. Rb7+ Rc7 35. Rb8 Rc8 1/2-1/2

[Event "Kavala GRE, 20th Open"]
[Site "Kavala GRE"]
[Date "2011.08.02"]
[Round "5"]
[White "Halkias, S."]
[Black "Margvelashvili, G."]
[Result "1/2-1/2"]
[WhiteElo "2600"]
[BlackElo "2525"]
[PlyCount "36"]
[EventDate "2011.07.30"]
[EventRounds "9"]
[EventCountry "GRE"]

1. c4 g6 2. Nc3 c5 3. Nf3 Bg7 4. g3 Nc6 5. Bg2 d6 6. a3 Nh6 7. O-O O-O 8. d3
Nf5 9. Rb1 Qd7 10. Ne4 Rb8 11. b4 cxb4 12. axb4 b5 13. cxb5 Rxb5 14. Bd2 Rb8
15. Kh1 Nfd4 16. Ne1 Nb5 17. Qa4 a6 18. Nf3 Bb7 1/2-1/2

[Event "Kavala GRE, 20th Open"]
[Site "Kavala GRE"]
[Date "2011.08.02"]
[Round "5"]
[White "Kaplan, S."]
[Black "Galopoulos, P."]
[Result "1-0"]
[WhiteElo "2436"]
[BlackElo "2090"]
[PlyCount "89"]
[EventDate "2011.07.30"]
[EventRounds "9"]
[EventCountry "GRE"]

1. e4 d5 2. exd5 Qxd5 3. Nc3 Qa5 4. Nf3 Nf6 5. Bc4 Bf5 6. d3 e6 7. Bd2 Qb6 8.
O-O Be7 9. Be3 Qa5 10. Qe2 O-O 11. Rae1 Nc6 12. Bd2 Qb6 13. Nb5 Na5 14. Bxa5
Qxa5 15. Nbd4 Bd6 16. Ne5 Bg6 17. Nxg6 hxg6 18. g3 a6 19. Nf3 Qh5 20. Kg2 b5
21. Bb3 a5 22. a4 Rab8 23. axb5 Rxb5 24. Ra1 Ng4 25. Rfe1 Re5 26. Nxe5 Qxh2+
27. Kf3 Nxe5+ 28. Ke3 Nc6 29. Rh1 Bc5+ 30. Kd2 Qxf2 31. Qxf2 Bxf2 32. Rh3 Rd8
33. Rah1 Kf8 34. Rf1 Bd4 35. Bxe6 Bf6 36. Bb3 Ke7 37. Re1+ Ne5 38. Re4 Rd4 39.
Ke3 Rxe4+ 40. Kxe4 Kd6 41. d4 Ng4 42. Kf3 Nh6 43. c3 c5 44. dxc5+ Kxc5 45. Rh1
1-0

[Event "Kavala GRE, 20th Open"]
[Site "Kavala GRE"]
[Date "2011.08.02"]
[Round "5"]
[White "Kosic, D."]
[Black "Przezdziecka, M."]
[Result "1-0"]
[WhiteElo "2483"]
[BlackElo "2249"]
[PlyCount "65"]
[EventDate "2011.07.30"]
[EventRounds "9"]
[EventCountry "GRE"]

1. d4 Nf6 2. Nf3 g6 3. Bg5 Bg7 4. Nbd2 O-O 5. c3 d5 6. e3 Nbd7 7. Be2 Re8 8.
O-O e5 9. c4 e4 10. Ne1 c5 11. Nc2 a6 12. cxd5 cxd4 13. Nxd4 Nb6 14. Nc4 Nbxd5
15. Rc1 Qe7 16. Bh4 Be6 17. Nxe6 Qxe6 18. Qb3 b5 19. Nd2 Nd7 20. Rfd1 N7b6 21.
Bg3 Rac8 22. h3 Rxc1 23. Rxc1 Rc8 24. Rxc8+ Qxc8 25. Nxe4 Qc1+ 26. Bf1 Bxb2 27.
Nd6 Qc3 28. Qd1 Ba3 29. e4 Bxd6 30. Bxd6 Nf6 31. Be7 Nfd7 32. Bd8 Kg7 33. Qd6
1-0

[Event "Kavala GRE, 20th Open"]
[Site "Kavala GRE"]
[Date "2011.08.02"]
[Round "5"]
[White "Liodakis, K."]
[Black "Vafiadis, K."]
[Result "1/2-1/2"]
[WhiteElo "2048"]
[BlackElo "2301"]
[PlyCount "80"]
[EventDate "2011.07.30"]
[EventRounds "9"]
[EventCountry "GRE"]

1. Nf3 Nf6 2. g3 d6 3. Bg2 e5 4. d3 Be7 5. O-O O-O 6. c4 c6 7. Nc3 Nbd7 8. Rb1
h6 9. b4 d5 10. cxd5 cxd5 11. Qb3 d4 12. Nd5 Bd6 13. Nd2 Nxd5 14. Qxd5 Nf6 15.
Qa5 Bg4 16. Re1 Qd7 17. Nc4 Bc7 18. Qa3 Nd5 19. Bd2 b5 20. Na5 Bb6 21. Nb3 Rfd8
22. Nc5 Qe7 23. h3 Bh5 24. Qb3 a5 25. bxa5 Bxa5 26. Bxa5 Rxa5 27. Rbc1 Nc3 28.
Nb7 Ra3 29. Rxc3 Rxb3 30. Rxb3 Ra8 31. g4 Bg6 32. Rxb5 Rxa2 33. Nc5 Kh7 34. Ne4
Qc7 35. Bf3 Rc2 36. Kg2 Ra2 37. Rc5 Qe7 38. Rec1 Ra7 39. Ng3 Qg5 40. Rb1 Re7
1/2-1/2

[Event "Kavala GRE, 20th Open"]
[Site "Kavala GRE"]
[Date "2011.08.02"]
[Round "5"]
[White "Maiorov, N."]
[Black "Atalik, A."]
[Result "1-0"]
[WhiteElo "2535"]
[BlackElo "2619"]
[PlyCount "95"]
[EventDate "2011.07.30"]
[EventRounds "9"]
[EventCountry "GRE"]

1. d4 d5 2. c4 c6 3. cxd5 cxd5 4. Nf3 Nc6 5. Nc3 Nf6 6. Bf4 Bf5 7. e3 e6 8. Qb3
Bb4 9. Ne5 Qb6 10. Nxc6 bxc6 11. Be2 Ne4 12. f3 Nxc3 13. bxc3 Be7 14. c4 Qxb3
15. axb3 Bb4+ 16. Kf2 a5 17. Ra2 Kd7 18. Rc1 Rhc8 19. g4 Bg6 20. h4 h6 21. c5
Rh8 22. Bf1 h5 23. g5 f6 24. Bh3 Ke7 25. Ke2 Kf7 26. Rg1 Rhe8 27. Bd6 Ra7 28.
gxf6 gxf6 29. Kd1 Rg8 30. Rg3 Raa8 31. Ke2 Bb1 32. Rb2 Rxg3 33. Bxg3 Bh7 34.
Be1 Bd3+ 35. Kd1 Rg8 36. Bxb4 axb4 37. Ra2 f5 38. Bg2 f4 39. exf4 Kf6 40. Ke1
Kf5 41. Kf2 Kxf4 42. Ra7 Bf5 43. Bf1 Rf8 44. Ra4 Bc2 45. Bh3 Bxb3 46. Rxb4 Bc4
47. Bxe6 Re8 48. Rb7 1-0